| 000 | 01947njm0a2200397 4500 | ||
|---|---|---|---|
| 001 | RU\NLR\ONIZ\223824 | ||
| 005 | 20250708192844.0 | ||
| 035 | _a(NLR Aleph) 011762631 | ||
| 035 | _aRU\NLR\ONIZ\GALA\5000033113\20180709145846 | ||
| 071 | 0 | 0 | _aХ-2-62694, Х-2-62699 |
| 090 |
_a13283656 _c13283656 |
||
| 100 | _a20180709f19001999|||y0rusy50 ca | ||
| 102 | _aRU | ||
| 126 |
_aaduxdxu ux _bxxx |
||
| 127 | _a000010 | ||
| 135 | _ahonoannnanndn | ||
| 200 | 1 |
_a[Поет] А. Д. Кошевский, арт. Русской оперетты _bЗвукозапись |
|
| 210 |
_aРига _cZonophone record _d[19--] |
||
| 215 | _a1 грп. (10 мин): 78 об/ мин, моно; 25 см, в конв. | ||
| 300 | _aАрхивные записи около 1913 г., Москва | ||
| 327 | 1 |
_a1. Банально, оригинально : (куплеты) / сопровожд.: орк.. _a2. По японски и по русски / автор В. Платонов ; сопровожд. : орк. |
|
| 464 | 0 |
_12001#$aБанально, оригинально$e(куплеты)$gсопровожд.: орк. _tБанально, оригинально |
|
| 464 | 0 |
_12001#$aПо японски и по русски$fавтор В. Платонов$gсопровожд. : орк. _tПо японски и по русски |
|
| 606 | 1 |
_aАрхивные записи российских певцов _xЗвукозапись _yРоссия _z20 в. начало _2nlr_sh |
|
| 686 |
_aЩ943.4, 8(3) _vLBC/SL _2rubbk |
||
| 700 | 1 |
_9z01790 _aКошевский _bА. Д. _f1873-1931 _gАлександр Дмитриевич _4590 _7ca |
|
| 790 | 1 |
_9z01700 _aKošecskij _bA. _f1873-1931 _gAlexander _4590 _7ba |
|
| 801 | 0 |
_aRU _bNLR _c20180709 _gPSBO |
|
| 801 | 1 |
_aRU _bNLR _c20180709 _2rusmarc |
|
| 801 | 2 |
_aRU _bNLR _c20181126 |
|
| 852 |
_aNLR _bМг _j2к/207 _p6072 _t1 |
||
| 942 | _cREC | ||
| 980 | _aNB | ||
| 980 | _aONIZ | ||